000 01318cam a22002771i 4500
003 SA-RiAUC
005 20241116110049.0
008 241110s2013 jo g 00010 ara c
040 _aSA-MaUQU
_bara
_cSA-RiAUC
_erda
082 0 4 _a251
_qSA-RiAUC
090 _a251
_bش ع ر
100 1 _aالشعراني، عبد الوهاب بن أحمد بن علي،
_d898-973 هجري
_eمؤلف.
245 1 0 _aمنهاج الوصول إلى مقاصد علم الأصول /
_cتأليف عبد الوهاب الشعراني ؛ دراسة وتحقيق يوسف رضوان الكود.
250 _aالطبعة الأولى.
264 1 _aعمان، الأردن :
_bدار الفتح للدراسات والنشر،
_c2013
300 _a647 صفحة ؛
_c24 × 17 سم
336 _aنص
_btxt
_2rdacontent
_3كتاب
337 _aبدون وسيط
_bn
_2rdamedia
338 _aمجلد
_bnc
_2rdacarrier
563 _aتجليد فني.
650 7 _aأصول الفقه الإسلامي
_2aucsh
700 1 _aالكود، يوسف رضوان
_eمحقق.
700 1 2 _iتحقيق لـ (عمل) :
_aالشعراني، عبد الوهاب بن أحمد بن علي،
_d898-973 هجري
_tمنهاج الوصول إلى مقاصد علم الأصول.
942 _2ddc
_cBOOK
_n0
949 _aSA-JeALM
_d241110
_umohamedma123
_n1
999 _c2406
_d2406